| 000 | 01011cam a22003015a 4500 | ||
|---|---|---|---|
| 001 | 017633350 | ||
| 003 | OSt | ||
| 005 | 20160413150903.0 | ||
| 008 | 151104t2016 enka frbd 001 0 eng d | ||
| 020 | _a9781292107561 | ||
| 020 | _a1292107561 | ||
| 040 |
_aUkOxU _beng _cUkOxU _dEG-ScBUE |
||
| 082 | 0 | 4 |
_222 _a370.15 _bEGG |
| 100 | 1 |
_aEggen, Paul D., _d1940- _939820 |
|
| 245 | 1 | 0 |
_aEducational psychology : _bwindows on classrooms / _cPaul Eggen, Don Kauchak. |
| 250 | _a10th ed., Global ed. | ||
| 260 |
_aHarlow : _bPearson Education Limited, _cc.2016. |
||
| 300 |
_a749 p. : _bill. ; _c28 cm. |
||
| 500 | _aDate of publication from publisher's website. | ||
| 500 | _aIncludes indexes. | ||
| 500 | _aGlossary : p. 677-684. | ||
| 504 | _aBibliography : p. 685-722. | ||
| 650 | 7 |
_aEducational psychology _xStudy and teaching (Higher) _2BUEsh _939821 |
|
| 650 | 7 |
_aLearning, Psychology of _vCase studies. _2BUEsh _939822 |
|
| 653 |
_bNNUR _cApril2016 |
||
| 700 | 1 |
_aKauchak, Donald P., _d1946- |
|
| 942 | _2ddc | ||
| 999 |
_c21626 _d21598 |
||